000 00379nam a2200145Ia 4500
008 230917s9999||||xx |||||||||||||| ||und||
040 _e151354
_aMAIN
041 _aEnglish
082 _a320.072 V43R
100 _aVerma, S.L.
245 0 _aRajnitik vigyan men anusandhan pravidhi
260 _aJaipur
_bRajasthan Hindi Granth Academy
_c1980
300 _a340 p.
942 _cBK
999 _c223708
_d223708